000
00289nam a22001337a 4500
008
170406b xxu||||| |||| 00| 0 eng d
020
_a
9780071435918
041
_a
eng
080
_2
7 ED
_a
616.34
100
_a
9
101
_a
SHM
245
_a
HEMATOLOGY
_c
LICHTMAN.M.A
942
_2
udc
_c
BK
999
_c
9906
_d
9906